000 00781nam a2200229Ii 4500
003 JO-AjNU
008 230605s9999||||xx |||||||||||||| ||und||
017 _a2008/6/2028
020 _a978-9957-32-419-3
040 _aJO-AjNU
_bara
_erda
_cJO-AjNU
041 _aara
050 1 4 _aHG4026.H32 2009
100 3 _aحداد، فايز سليم,
_eauthor
_928267
245 0 0 _aالادارة المالية = Corporate Finance
250 _aط2
264 3 1 _aعمان: دار الحامد للنشر والتوزيع، 2009
300 _a431ص
_bيحتوي على جداول وببلوغرافية من 420-431ص
336 _atext
_btxt
_2rdacontent
337 _aunmediated
_bn
_2rdamedia
338 _avolume
_bnc
_2rdacarrier
650 4 _aالادارة المالية
_928268
999 _aA10942
_c14510
_d14510